000 00485nam a22001817a 4500
003 OSt
005 20140310181751.0
008 130627t xxu||||| |||| 00| 0 eng d
020 _a9789716552850
050 _aQA 139
_b.L698 2007
082 _aFIL 510
_bL61 2007
100 _aLicardo, Edna
245 _aMath builders /
_cEdna Licardo.
260 _aValenzuela City :
_bJo-Es Publishing House,
_c2007.
300 _a417 p. ;
_bill. ;
_c26 cm.
942 _2lcc
_cBK
999 _c3225
_d3225